000 00503nam a2200193Ia 4500
008 101110s9999 xx 000 0 und d
041 _aENGLISH
082 _bSR4108
100 _aMullik B.R.
245 _aThe Prologue to the Canterbury Tales Studies
365 _b2
520 _aEnglish
546 _aENGLISH
630 _aThe Prologue to the Canterbury Tales Studies
650 _aEnglish
655 _aEnglish
730 _aThe Prologue to the Canterbury Tales Studies
942 _cBOOK
999 _c800426
_d800423